TEXTBOOK OF PHARMACEUTICAL JURISPRUDENCE (Record no. 5800)

MARC details
000 -LEADER
fixed length control field 00438nam a22001697a 4500
005 - DATE AND TIME OF LATEST TRANSACTION
control field 20230116101246.0
008 - FIXED-LENGTH DATA ELEMENTS--GENERAL INFORMATION
fixed length control field 190404b xxu||||| |||| 00| 0 eng d
020 ## - INTERNATIONAL STANDARD BOOK NUMBER
ISBN 978-*81-48579-02-2
041 ## - LANGUAGE CODE
Language code of text/sound track or separate title eng
082 ## - DEWEY DECIMAL CLASSIFICATION NUMBER
Classification number 614.34
Item number KUC-T
100 ## - MAIN ENTRY--AUTHOR NAME
Personal name KUCHEKAR, DR. B.
245 ## - TITLE STATEMENT
Title TEXTBOOK OF PHARMACEUTICAL JURISPRUDENCE
260 ## - PUBLICATION, DISTRIBUTION, ETC. (IMPRINT)
Place of publication PUNE
Name of publisher NIRALI PRAKASHAN
300 ## - PHYSICAL DESCRIPTION
Number of Pages I.2 p,
650 ## - SUBJECT ADDED ENTRY--TOPICAL TERM
Topical Term PHARMACY
General subdivision B.PHARMA
942 ## - ADDED ENTRY ELEMENTS (KOHA)
Koha item type Books
Holdings
Lost status Damaged status Collection code Home library Current library Shelving location Date acquired Source of acquisition Cost, normal purchase price Full call number Accession Number Koha item type
    PHARMACY JRU Library JRU Library SHELF-19-D 04/04/2019 PURCHESS 125.00 614.34 22566 Books
    PHARMACY JRU Library JRU Library SHELF-19-D 04/04/2019 PURCHESS 125.00 614.34 22567 Books
    PHARMACY JRU Library JRU Library SHELF-19-D 04/04/2019 PURCHESS 125.00 614.34 22568 Books
    PHARMACY JRU Library JRU Library SHELF-19-D 04/04/2019 PURCHESS 125.00 614.34 22569 Books
    Reference JRU Library JRU Library SHELF-3-D 04/04/2019 PURCHESS 125.00 614.34 22570 Books
    PHARMACY JRU Library JRU Library SHELF-19-D 10/02/2022 PURCHASE 300.00 614.34 26226 Books
    PHARMACY JRU Library JRU Library SHELF-19-D 10/02/2022 PURCHASE 300.00 614.34 26227 Books
    PHARMACY JRU Library JRU Library SHELF-19-D 10/02/2022 PURCHASE 300.00 614.34 26228 Books